Welcome to Singapore / (Record no. 112478)
[ view plain ]
| 000 -LEADER | |
|---|---|
| fixed length control field | 00669nam a2200181 a 4500 |
| 005 - DATE AND TIME OF LATEST TRANSACTION | |
| control field | 20140414131937.0 |
| 008 - FIXED-LENGTH DATA ELEMENTS--GENERAL INFORMATION | |
| fixed length control field | 110120s19uu xx 00 eng d |
| 020 ## - INTERNATIONAL STANDARD BOOK NUMBER | |
| International Standard Book Number | 0836825462 ( |
| 050 ## - LIBRARY OF CONGRESS CALL NUMBER | |
| Classification number | REF 959.57 |
| Item number | YON |
| 100 ## - MAIN ENTRY--PERSONAL NAME | |
| Personal name | Yong, Jui Lin. |
| 245 ## - TITLE STATEMENT | |
| Title | Welcome to Singapore / |
| Statement of responsibility, etc | [written by Yong Jui Lin, James Michael Baker & Junia Marion Baker. |
| 260 ## - PUBLICATION, DISTRIBUTION, ETC. (IMPRINT) | |
| Place of publication, distribution, etc | Milwaukee, WI : |
| Name of publisher, distributor, etc | Gareth Stevens Pub., |
| Date of publication, distribution, etc | 2003. |
| 440 ## - SERIES STATEMENT/ADDED ENTRY--TITLE | |
| Title | Welcome to my country |
| 500 ## - GENERAL NOTE | |
| General note | Includes bibliographical references [p. 47] and index. |
| 520 ## - SUMMARY, ETC. | |
| Summary, etc | An overview of the geography, history, government, economy, people, and culture of Singapore. |
| 650 ## - SUBJECT ADDED ENTRY--TOPICAL TERM | |
| Topical term or geographic name as entry element | Singapore. |
| Withdrawn status | Lost status | Damaged status | Home library | Current library | Shelving location | Date acquired | Source of acquisition | Total Checkouts | Full call number | Barcode | Date last seen | Price effective from | Koha item type |
|---|---|---|---|---|---|---|---|---|---|---|---|---|---|
| Munich Library | Munich Library | Reference Section | 01/20/2011 | REF 959.57 YON | M3781 | 04/14/2014 | 04/14/2014 | Books |